| 000 | 00753nam a2200265Ia 4500 | ||
|---|---|---|---|
| 003 | OSt | ||
| 005 | 20230425093659.0 | ||
| 008 | 210210b1974 xxu||||| |||| 00| 0 eng d | ||
| 040 | _cAL | ||
| 082 |
_a320/185 _bTYAP |
||
| 100 |
_a A R Tyagi _992262 |
||
| 245 |
_aPublic administration: _bPrinciples and practice |
||
| 250 | _a5 | ||
| 260 |
_aDelhi _bAtma Ram & Sons _c1974 |
||
| 300 |
_axvi,818p. _bPB _c21x14cm. |
||
| 365 |
_2Political Science _b35.00 _c₹ _d35.00 |
||
| 650 |
_aDevelopment Administration _992263 |
||
| 650 |
_aOrganisation _992264 |
||
| 650 |
_aManagement _992265 |
||
| 650 |
_aFinancial Administration _992266 |
||
| 690 |
_aPublic Administration _992267 |
||
| 700 |
_aTYAGI (A R) _992268 |
||
| 906 | _a036503 | ||
| 942 |
_2ddc _cBK |
||
| 999 |
_c119979 _d119979 |
||